Geography Beginning & Ending in O - Statistics

General Stats
  • This quiz has been taken 39 times
  • The average score is 3 of 10
Answer Stats
Hint Answer % Correct
The capital city of Norway. Oslo
100%
Lakes Superior and Huron are split between Michigan and _______. Ontario
95%
Has a city named for an early Roman Dictator. Ohio
34%
Northern Mindanao's largest city, Cagayan de ___. Oro
26%
Ethiopia's largest ethnic group. Oromo
21%
Italy's easternmost town, known in antiquity as Hydros. Otranto
18%
Town closest to Africa's Pole of Inaccesibility. Also the capital of the CAR prefecture of Haut-Mbomou Obo
11%
Another Italian city, wherein Thomas Aquinas taught from 1261 until 1265, when he became a papal theologian. Orvieto
3%
The highest point on Japan's Ishigaki Island. Omoto
0%
The 2nd-largest river flowing into Lake Ontario. Oswego
0%
No matching quizzes found
Score Distribution
Percent of People with Each Score
Percentile by Number Answered
Your Score History
You have not taken this quiz